| 000 | 01324nam a2200349 a 4500 | ||
|---|---|---|---|
| 001 | ebr10386845 | ||
| 003 | CaPaEBR | ||
| 006 | m u | ||
| 007 | cr cn||||||||| | ||
| 008 | 071113s2008 enka sb 001 0 eng | ||
| 010 | _z 2007046731 | ||
| 015 |
_aGBA8B0710 _2bnb |
||
| 016 | 7 |
_z014756524 _2Uk |
|
| 020 | _z1845532279 (hbk.) | ||
| 020 | _z9781845532277 (hbk.) | ||
| 020 | _z1845532287 (pbk.) | ||
| 020 | _z9781845532284 (pbk.) | ||
| 040 |
_aCaPaEBR _cCaPaEBR |
||
| 035 | _a(OCoLC)647929328 | ||
| 050 | 1 | 4 |
_aBL637 _b.P76 2008eb |
| 082 | 0 | 4 |
_a207/.2 _222 |
| 245 | 0 | 0 |
_aProselytization revisited _h[electronic resource] : _brights talk, free markets and culture wars / _cedited by Rosalind I.J. Hackett. |
| 260 |
_aLondon ; _aOakville, CT : _bEquinox Pub., _c2008. |
||
| 300 |
_axiv, 480 p. : _bill. |
||
| 504 | _aIncludes bibliographical references and index. | ||
| 533 |
_aElectronic reproduction. _bPalo Alto, Calif. : _cebrary, _d2013. _nAvailable via World Wide Web. _nAccess may be limited to ebrary affiliated libraries. |
||
| 650 | 0 | _aProselytizing. | |
| 655 | 7 |
_aElectronic books. _2local |
|
| 700 | 1 | _aHackett, Rosalind I. J. | |
| 710 | 2 | _aebrary, Inc. | |
| 856 | 4 | 0 |
_uhttp://site.ebrary.com/lib/rucke/Doc?id=10386845 _zAn electronic book accessible through the World Wide Web; click to view |
| 999 |
_c205397 _d205397 |
||